000 00665nam a22002177a 4500
003 OSt
005 20260318003329.0
008 260318b |||||||| |||| 00| 0 eng d
035 _a971-506-079-X.
040 _aDWCL Main lib
_cOC
082 _2Rev. ed.
_aFil. 809 G216s 1993
100 _aGarcia, Carolina U.
245 _aA study of literary types and forms
_cCarolina U. Garcia
250 _aRev. ed.
260 _aManila :
_bUST Publishing House,
_cc1993.
300 _aviii, 269 p. ;
_c21 cm.
650 _a1. Litrature-History and criticism.
700 _aPiedad G. Rosales
700 _aCorinta G. Barranco
942 _2ddc
_cBK - FIL
_eRev. ed.
_kFil.
_n0
999 _c9245
_d9245